[Event "ROM-chT2"]
[Site "Slanic Moldova"]
[Date "2017.10.07"]
[Round "8.6"]
[White "Salim, Riza"]
[Black "Sabin, Florea"]
[Result "1-0"]
[WhiteElo "2033"]
[BlackElo "1547"]
[PlyCount "57"]
[EventDate "2017.09.30"]
[EventType "team-tourn"]
[EventRounds "9"]
[EventCountry "ROU"]
[SourceTitle "CBM 181 Extra"]
[Source "ChessBase"]
[SourceDate "2017.12.12"]
[SourceVersion "1"]
[SourceVersionDate "2017.12.12"]
[SourceQuality "1"]
[WhiteTeam "Techirghiol Victoria"]
[BlackTeam "Arad CSU"]
[WhiteTeamCountry "ROU"]
[BlackTeamCountry "ROU"]

1. e4 c5 2. Nf3 e6 3. d4 cxd4 4. Nxd4 a6 5. c4 Nf6 6. Nc3 Qc7 7. a3 Nc6 8. Be3 Be7 9. Be2 d6 10. 0-0 e5 11. Nf5 Bxf5 12. exf5 0-0 13. Rc1 Qd7 14. Qd3 e4 15. Nxe4 Qxf5 16. Nxf6+ Qxf6 17. b3 Rfe8 18. f4 Qb2 19. b4 Qf6 20. Bf3 Rab8 21. Be4 g6 22. b5 Nd8 23. f5 g5 24. Bd4 Qh6 25. f6 Bf8 26. Rf3 Rxe4 27. Qxe4 Ne6 28. Qxe6 g4 29. Qxg4+ 1-0

[Event "EU-ch U18 26th"]
[Site "Prague"]
[Date "2016.08.21"]
[Round "4"]
[White "Salim, Riza"]
[Black "Caglar, Ahmet Ata"]
[Result "0-1"]
[WhiteElo "2146"]
[BlackElo "1968"]
[PlyCount "72"]
[EventDate "2016.08.18"]
[EventType "swiss"]
[EventRounds "9"]
[EventCountry "CZE"]
[SourceTitle "CBM 174 Extra"]
[Source "ChessBase"]
[SourceDate "2016.10.10"]
[SourceVersion "1"]
[SourceVersionDate "2016.10.10"]
[SourceQuality "1"]

1. e4 c5 2. Nf3 Nc6 3. d4 cxd4 4. Nxd4 e5 5. Nb5 d6 6. N1c3 a6 7. Na3 b5 8. Nd5 Nge7 9. Bg5 h6 10. Bxb5 axb5 11. Nxb5 Ra7 12. Bxe7 Bxe7 13. Nxa7 Qa5+ 14. Qd2 Qxa7 15. 0-0 Bg5 16. Qd3 0-0 17. b4 Nd4 18. a4 f5 19. c3 fxe4 20. Qc4 Qf7 21. cxd4 Be6 22. Qc7 Bxd5 23. Qxf7+ Rxf7 24. dxe5 dxe5 25. Ra3 Bc4 26. Rd1 Be2 27. Re1 Bd3 28. Ra2 Ra7 29. g3 Be7 30. b5 Bc5 31. a5 Bd4 32. Ra3 Bxb5 33. Rxe4 Rc7 34. Re1 Rc2 35. Kg2 Bxf2 36. Rxe5 Bc5+ 0-1

[Event "ROM-ch U18"]
[Site "Calimanesti Caciulata"]
[Date "2016.04.21"]
[Round "5"]
[White "Geiger, Alex Emanuel"]
[Black "Salim, Riza"]
[Result "1/2-1/2"]
[WhiteElo "2146"]
[BlackElo "2153"]
[PlyCount "40"]
[EventDate "2016.04.18"]
[EventType "swiss"]
[EventRounds "9"]
[EventCountry "ROU"]
[SourceTitle "CBM 172 Extra"]
[Source "ChessBase"]
[SourceDate "2016.06.21"]
[SourceVersion "1"]
[SourceVersionDate "2016.06.21"]
[SourceQuality "1"]

1. e4 c5 2. Nc3 g6 3. d4 Bg7 4. d5 d6 5. Bb5+ Bd7 6. Bxd7+ Nxd7 7. Nf3 Ngf6 8. Nd2 0-0 9. 0-0 a6 10. a4 b6 11. Qe2 Ne8 12. f4 Nc7 13. Nf3 b5 14. axb5 axb5 15. Rxa8 Qxa8 16. Nxb5 Qa6 17. c4 Nxb5 18. cxb5 Qb7 19. Bd2 Rb8 20. Bc3 Qxb5 1/2-1/2

[Event "ROM-chT "]
[Site "Mamaia"]
[Date "2015.10.04"]
[Round "2.1"]
[White "Salim, Riza"]
[Black "Toma, Radu Cristian"]
[Result "1/2-1/2"]
[WhiteElo "2177"]
[BlackElo "2292"]
[PlyCount "41"]
[EventDate "2015.10.03"]
[EventType "team-tourn"]
[EventRounds "9"]
[EventCountry "ROU"]
[SourceTitle "CBM 168 Extra"]
[Source "ChessBase"]
[SourceDate "2015.10.29"]
[SourceVersion "1"]
[SourceVersionDate "2015.10.29"]
[SourceQuality "1"]
[WhiteTeam "Techirghiol Victoria"]
[BlackTeam "Timisoara Luxten"]
[WhiteTeamCountry "ROU"]
[BlackTeamCountry "ROU"]

1. e4 c6 2. Nc3 d5 3. Nf3 Bg4 4. h3 Bxf3 5. Qxf3 e6 6. a3 Nd7 7. d3 Ngf6 8. g4 h6 9. Qg3 dxe4 10. dxe4 e5 11. Bg2 Bc5 12. 0-0 Qc7 13. Bd2 Nf8 14. Na4 Bd4 15. c3 Bb6 16. Nxb6 axb6 17. f4 Ne6 18. fxe5 Nd7 19. Be3 Nxe5 20. Bd4 f6 21. Rf5 1/2-1/2

[Event "ROM-chT "]
[Site "Mamaia"]
[Date "2015.10.03"]
[Round "1.5"]
[White "Salim, Riza"]
[Black "Dolana, Andrei Theodor"]
[Result "1/2-1/2"]
[WhiteElo "2177"]
[BlackElo "2330"]
[PlyCount "111"]
[EventDate "2015.10.03"]
[EventType "team-tourn"]
[EventRounds "9"]
[EventCountry "ROU"]
[SourceTitle "CBM 168 Extra"]
[Source "ChessBase"]
[SourceDate "2015.10.29"]
[SourceVersion "1"]
[SourceVersionDate "2015.10.29"]
[SourceQuality "1"]
[WhiteTeam "Techirghiol Victoria"]
[BlackTeam "Baia Mare"]
[WhiteTeamCountry "ROU"]
[BlackTeamCountry "ROU"]

1. e4 c5 2. Nf3 e6 3. d4 cxd4 4. Nxd4 Nc6 5. Nb5 d6 6. c4 Nf6 7. N1c3 a6 8. Na3 Be7 9. Be3 b6 10. Be2 0-0 11. 0-0 Bb7 12. Qb3 Nd7 13. Rfd1 Qc7 14. Rac1 Nc5 15. Qc2 Bf6 16. f3 Rfd8 17. Kh1 Qe7 18. Qb1 Nb4 19. Nc2 Nxc2 20. Rxc2 a5 21. Qc1 Rac8 22. Bf1 h6 23. Qd2 Be5 24. Qf2 Rd7 25. b3 Rcd8 26. Na4 Nxa4 27. bxa4 Bc6 28. Bxb6 Bxa4 29. Bxd8 Rxd8 30. Rcd2 Bxd1 31. Rxd1 Rb8 32. f4 Bc3 33. Qc2 Bb4 34. g3 Bc5 35. Rb1 Qc7 36. Rxb8+ Qxb8 37. Qb3 Qa7 38. Bg2 Bb4 39. Qf3 Qd4 40. Qe2 Bc5 41. Qf1 Qb2 42. a4 Qb3 43. Qa1 Qxc4 44. Qd1 g6 45. Bf3 f5 46. exf5 gxf5 47. Qe2 Qb3 48. g4 fxg4 49. Bxg4 Kf7 50. Qe4 Kf6 51. Bh5 Ke7 52. Bg4 Qa2 53. Qh7+ Kd8 54. Qg8+ Kc7 55. Qxe6 Qxe6 56. Bxe6 1/2-1/2

[Event "ROM-ch U16"]
[Site "Calimanesti"]
[Date "2015.04.06"]
[Round "9"]
[White "Salim, Riza"]
[Black "Geiger, Alex Emanuel"]
[Result "1/2-1/2"]
[WhiteElo "2062"]
[BlackElo "2067"]
[PlyCount "120"]
[EventDate "2015.03.30"]
[EventType "swiss"]
[EventRounds "9"]
[EventCountry "ROU"]
[SourceTitle "CBM 165 Extra"]
[Source "ChessBase"]
[SourceDate "2015.04.21"]
[SourceVersion "1"]
[SourceVersionDate "2015.04.21"]
[SourceQuality "1"]

1. e4 c5 2. Nf3 e6 3. d4 cxd4 4. Nxd4 a6 5. c4 Nf6 6. Nc3 Bb4 7. Qd3 Nc6 8. Nxc6 dxc6 9. e5 Qxd3 10. Bxd3 Nd7 11. Bf4 Ba5 12. Bg3 Bc7 13. f4 f6 14. exf6 Nxf6 15. 0-0 0-0 16. Rae1 Nh5 17. Re4 e5 18. c5 Bf5 19. Bc4+ Kh8 20. Re2 exf4 21. Bf2 Bd8 22. Ne4 Bg4 23. Rd2 Ba5 24. Rd4 b5 25. cxb6 Bxb6 26. Rd6 Bxf2+ 27. Nxf2 Bf5 28. Rxc6 a5 29. Nd3 Rac8 30. Rxc8 Rxc8 31. Nxf4 Rxc4 32. Nxh5 g6 33. Ng3 Be6 34. Re1 Bd5 35. a3 h5 36. Re2 h4 37. Nf1 Rc1 38. Kf2 Bc4 39. Re8+ Kg7 40. Ne3 Bf7 41. Re4 Rb1 42. b4 Rb2+ 43. Kf3 Rb3 44. Rxh4 Rxa3 45. bxa5 Rxa5 46. Re4 Bd5 47. Nxd5 Rxd5 48. g3 Ra5 49. h4 Rb5 50. Kf4 Rf5+ 51. Ke3 Ra5 52. Rd4 Re5+ 53. Kf4 Rf5+ 54. Ke4 Rh5 55. Rd5 Rxd5 56. Kxd5 g5 57. h5 g4 58. Ke5 Kh6 59. Kf5 Kxh5 60. Kf4 Kh6 1/2-1/2

[Event "ROM-ch U16"]
[Site "Calimanesti"]
[Date "2015.04.02"]
[Round "4"]
[White "Salim, Riza"]
[Black "Patrascu, Catalin Lucian"]
[Result "1/2-1/2"]
[WhiteElo "2062"]
[BlackElo "2174"]
[PlyCount "28"]
[EventDate "2015.03.30"]
[EventType "swiss"]
[EventRounds "9"]
[EventCountry "ROU"]
[SourceTitle "CBM 165 Extra"]
[Source "ChessBase"]
[SourceDate "2015.04.21"]
[SourceVersion "1"]
[SourceVersionDate "2015.04.21"]
[SourceQuality "1"]

1. e4 e6 2. d4 d5 3. Nc3 Bb4 4. Nge2 dxe4 5. a3 Bxc3+ 6. Nxc3 Nc6 7. d5 exd5 8. Qxd5 Be6 9. Qxe4 Nf6 10. Qf4 0-0 11. Bd3 Re8 12. 0-0 Qe7 13. b4 Rad8 14. Be3 Ng4 1/2-1/2

[Event "ROM-chT"]
[Site "Calimanesti"]
[Date "2014.11.16"]
[Round "9.4"]
[White "Dolana, Andrei Theodor"]
[Black "Salim, Riza"]
[Result "0-1"]
[WhiteElo "2245"]
[BlackElo "1964"]
[PlyCount "76"]
[EventDate "2014.11.08"]
[EventType "team-tourn"]
[EventRounds "9"]
[EventCountry "ROU"]
[SourceTitle "EXT 2015"]
[Source "ChessBase"]
[SourceDate "2014.11.20"]
[SourceVersion "1"]
[SourceVersionDate "2014.11.20"]
[SourceQuality "1"]
[WhiteTeam "Baia Mare"]
[BlackTeam "Terchirghol Victoria"]
[WhiteTeamCountry "ROU"]
[BlackTeamCountry "ROU"]

1. e4 c5 2. Nf3 Nc6 3. c3 d5 4. exd5 Qxd5 5. d4 Bf5 6. Be3 Nf6 7. Na3 cxd4 8. Bc4 Qd7 9. Nxd4 Be4 10. 0-0 Nxd4 11. Bxd4 e6 12. Bxf6 Qxd1 13. Raxd1 gxf6 14. Nb5 Ke7 15. Rfe1 Bc2 16. Rd2 Rc8 17. b3 Bg6 18. Red1 f5 19. Rd7+ Kf6 20. Nxa7 Ra8 21. Rxb7 Bc5 22. Rdd7 Rhd8 23. Rxd8 Rxd8 24. Kf1 Rd2 25. b4 Rxf2+ 26. Ke1 Be3 27. Nb5 Rxg2 28. a4 Bh5 29. Rd7 Rc2 30. Bb3 Re2+ 31. Kf1 Rf2+ 32. Ke1 Rxh2 33. Bc4 f4 34. Nd6 f3 35. Ne4+ Ke5 36. Nd2 f2+ 37. Kf1 Rh1+ 38. Kg2 Rg1+ 0-1

[Event "ROM-chT"]
[Site "Calimanesti"]
[Date "2014.11.13"]
[Round "6.1"]
[White "Salim, Riza"]
[Black "Soltanici, Ruslan"]
[Result "1/2-1/2"]
[WhiteElo "1964"]
[BlackElo "2351"]
[PlyCount "60"]
[EventDate "2014.11.08"]
[EventType "team-tourn"]
[EventRounds "9"]
[EventCountry "ROU"]
[SourceTitle "EXT 2015"]
[Source "ChessBase"]
[SourceDate "2014.11.20"]
[SourceVersion "1"]
[SourceVersionDate "2014.11.20"]
[SourceQuality "1"]
[WhiteTeam "Terchirghol Victoria"]
[BlackTeam "Galati"]
[WhiteTeamCountry "ROU"]
[BlackTeamCountry "ROU"]

1. e4 c5 2. Nf3 e6 3. d4 cxd4 4. Nxd4 a6 5. Nc3 Qc7 6. Qf3 d6 7. Be3 Nf6 8. Bd3 Nbd7 9. 0-0 Be7 10. Qg3 g6 11. f4 b5 12. a3 Bb7 13. Nf3 e5 14. fxe5 dxe5 15. Kh1 Nh5 16. Qf2 0-0 17. Rfd1 Nc5 18. Ng5 Rac8 19. Re1 f6 20. Nh3 Ng7 21. Rad1 Rcd8 22. a4 b4 23. Bc4+ Kh8 24. Nd5 Bxd5 25. Bxd5 Nxa4 26. Ra1 Nc5 27. Qe2 Rb8 28. Bxc5 Bxc5 29. Rxa6 Bd4 30. Rc6 Qe7 1/2-1/2

[Event "ROM-chT"]
[Site "Calimanesti"]
[Date "2014.11.12"]
[Round "5.5"]
[White "Salim, Riza"]
[Black "Voiteanu, Christian Gabriel"]
[Result "1-0"]
[WhiteElo "1964"]
[BlackElo "2213"]
[PlyCount "147"]
[EventDate "2014.11.08"]
[EventType "team-tourn"]
[EventRounds "9"]
[EventCountry "ROU"]
[SourceTitle "EXT 2015"]
[Source "ChessBase"]
[SourceDate "2014.11.20"]
[SourceVersion "1"]
[SourceVersionDate "2014.11.20"]
[SourceQuality "1"]
[WhiteTeam "Terchirghol Victoria"]
[BlackTeam "Ploiesti CSU"]
[WhiteTeamCountry "ROU"]
[BlackTeamCountry "ROU"]

1. e4 e5 2. Nf3 Nf6 3. d4 exd4 4. e5 Ne4 5. Qxd4 d5 6. exd6 Nxd6 7. Nc3 Nc6 8. Qf4 g6 9. Bd3 Bg7 10. 0-0 0-0 11. Bd2 Bf5 12. Bxf5 Nxf5 13. Rad1 Qd6 14. Qxd6 Nxd6 15. Nd5 Nc4 16. Bc3 Bxc3 17. bxc3 Na3 18. Nxc7 Rac8 19. Nd5 Nxc2 20. Rd2 Na3 21. Re1 Rfd8 22. g4 Kg7 23. Ne7 Rxd2 24. Nxd2 Rd8 25. Nxc6 bxc6 26. Nb3 Rd7 27. Re4 Nb5 28. Rc4 Rd3 29. Rxc6 Rxc3 30. Ra6 Rc7 31. h3 Nc3 32. Kg2 Ne4 33. Ra4 f5 34. gxf5 gxf5 35. Nd4 Kf6 36. Ra5 Rd7 37. Nxf5 Rd2 38. Ng3 Nc3 39. Ra3 Nb5 40. Ra5 Rb2 41. a4 Nc3 42. Rxa7 Nd1 43. Ne4+ Kf5 44. Rd7 Kxe4 45. Rxd1 Ra2 46. Rd7 Rxa4 47. Rxh7 Kf5 48. Rh5+ Kg6 49. Rb5 Ra3 50. h4 Kf6 51. f3 Ra2+ 52. Kg3 Ra4 53. Rb8 Kf5 54. Rf8+ Kg6 55. Rf4 Ra1 56. Rg4+ Kf6 57. h5 Kf5 58. h6 Ra7 59. Rb4 Rh7 60. f4 Kg6 61. Kg4 Kf7 62. Kg5 Kg8 63. f5 Ra7 64. Re4 Rb7 65. Re5 Ra7 66. f6 Ra1 67. Kg6 Rg1+ 68. Rg5 Rb1 69. f7+ Kf8 70. h7 Rh1 71. Rh5 Rg1+ 72. Kh6 Kxf7 73. h8Q Rg6+ 74. Kh7 1-0

[Event "Iasi op"]
[Site "Iasi"]
[Date "2014.05.13"]
[Round "4"]
[White "Salim, Riza"]
[Black "Baban, Catalin Dumitru"]
[Result "1-0"]
[WhiteElo "1957"]
[BlackElo "1693"]
[PlyCount "81"]
[EventDate "2014.05.10"]
[EventType "swiss"]
[EventRounds "9"]
[EventCountry "ROU"]
[SourceTitle "CBM 160 Extra"]
[Source "ChessBase"]
[SourceDate "2014.07.01"]
[SourceVersion "1"]
[SourceVersionDate "2014.07.01"]
[SourceQuality "1"]

1. e4 e5 2. Nf3 Nc6 3. Bc4 Bc5 4. c3 Nf6 5. d3 h6 6. Bb3 d6 7. h3 Be6 8. Bc2 Qd7 9. 0-0 0-0-0 10. d4 Bb6 11. d5 Bxh3 12. dxc6 Qg4 13. cxb7+ Kb8 14. Ne1 Qg6 15. a4 Bg4 16. Qd3 d5 17. a5 dxe4 18. Qb5 Rd5 19. Qa6 Bc5 20. b4 Qh5 21. Bxe4 Be2 22. Bf3 Bxa6 23. Bxh5 Nxh5 24. bxc5 Bxf1 25. Kxf1 Rhd8 26. Na3 Rxc5 27. Rb1 Rxc3 28. Nb5 Rc4 29. Be3 a6 30. Ba7+ Kxb7 31. Nd6+ Kxa7 32. Nxc4 Rd5 33. Nf3 f6 34. g3 e4 35. Nfd2 f5 36. g4 fxg4 37. Nxe4 Rd4 38. Ne5 Rd6 39. Nxd6 cxd6 40. Nc6+ Ka8 41. Rb8# 1-0

[Event "Iasi op"]
[Site "Iasi"]
[Date "2014.05.10"]
[Round "1"]
[White "Kovalenko, Igor"]
[Black "Salim, Riza"]
[Result "1/2-1/2"]
[WhiteElo "2611"]
[BlackElo "1957"]
[PlyCount "122"]
[EventDate "2014.05.10"]
[EventType "swiss"]
[EventRounds "9"]
[EventCountry "ROU"]
[SourceTitle "CBM 160 Extra"]
[Source "ChessBase"]
[SourceDate "2014.07.01"]
[SourceVersion "1"]
[SourceVersionDate "2014.07.01"]
[SourceQuality "1"]

1. e4 c5 2. Nf3 Nc6 3. d4 cxd4 4. Nxd4 g6 5. h4 Bg7 6. Nxc6 bxc6 7. h5 Rb8 8. c3 d5 9. Qa4 Bd7 10. Qxa7 dxe4 11. Nd2 f5 12. Bc4 g5 13. g4 Ra8 14. Qe3 e6 15. Bb3 h6 16. Nc4 Qe7 17. Qe2 Nf6 18. Ne5 Qd6 19. Ng6 Nxg4 20. Nxh8 Bxh8 21. Be3 Ne5 22. Rd1 Nd3+ 23. Kf1 Qc7 24. Rxd3 exd3 25. Qxd3 Be5 26. Ke2 Rd8 27. Rd1 Bc8 28. Qc4 Rxd1 29. Bxd1 Qb7 30. b4 Qb5 31. Kd3 Qd5+ 32. Qxd5 exd5 33. a4 f4 34. Bd4 Bf5+ 35. Kd2 Bxd4 36. cxd4 Kd7 37. f3 Be6 38. Bc2 Kc7 39. Bd3 Bf7 40. Bg6 Be6 41. Kd3 Kb7 42. Kc3 Bh3 43. Bd3 Kb6 44. a5+ Kc7 45. Kd2 Be6 46. Bg6 Kb7 47. Be8 Kc7 48. Kc3 Bh3 49. Kd3 Bf5+ 50. Ke2 Be6 51. Kd2 Kb7 52. Kc3 Kc7 53. Bg6 Bh3 54. Bd3 Be6 55. Bc2 Bf7 56. Bg6 Be6 57. Be8 Bh3 58. Kd3 Bf5+ 59. Ke2 Be6 60. Kd2 Kb7 61. Kc3 Kc7 1/2-1/2

[Event "ROM-ch"]
[Site "Targu Mures"]
[Date "2014.04.30"]
[Round "6"]
[White "Salim, Riza"]
[Black "Secheres, Adrian Simion"]
[Result "0-1"]
[WhiteElo "1957"]
[BlackElo "2200"]
[PlyCount "118"]
[EventDate "2014.04.26"]
[EventType "swiss"]
[EventRounds "11"]
[EventCountry "ROU"]
[SourceTitle "CBM 160 Extra"]
[Source "ChessBase"]
[SourceDate "2014.07.01"]
[SourceVersion "1"]
[SourceVersionDate "2014.07.01"]
[SourceQuality "1"]

1. e4 c5 2. Nf3 d6 3. d4 cxd4 4. Nxd4 Nf6 5. Nc3 g6 6. Be3 Bg7 7. f3 Nc6 8. Qd2 0-0 9. Bc4 Bd7 10. 0-0-0 Rc8 11. Bb3 Ne5 12. Kb1 Re8 13. h4 h5 14. g4 hxg4 15. h5 Nxh5 16. Bh6 e6 17. Rdg1 Qf6 18. fxg4 Bxh6 19. Qxh6 Qg7 20. Qxg7+ Nxg7 21. Ndb5 Bxb5 22. Nxb5 Red8 23. Nxa7 Rc5 24. a4 Ne8 25. Nb5 Nf6 26. Rd1 Rc6 27. g5 Nxe4 28. Rhe1 Nf2 29. Rxd6 Rdxd6 30. Nxd6 Nf3 31. Re2 Rxd6 32. Rxf2 Nxg5 33. Rf4 f5 34. Rc4 Rd7 35. a5 Kg7 36. Ba4 Rf7 37. Be8 Re7 38. Bb5 e5 39. Rc8 e4 40. c4 e3 41. c5 Ne6 42. a6 bxa6 43. Bxa6 Nd4 44. c6 e2 45. Bxe2 Rxe2 46. c7 Re1+ 47. Ka2 Rc1 48. Rd8 Rxc7 49. Rxd4 Rf7 50. Kb3 f4 51. Kc3 f3 52. Rd1 Rc7+ 53. Kd2 Rd7+ 54. Kc2 Rxd1 55. Kxd1 Kf6 56. Kd2 g5 57. Ke3 g4 58. Kf2 Ke5 59. Kg3 Kd4 0-1

[Event "ROM-ch"]
[Site "Targu Mures"]
[Date "2014.04.28"]
[Round "4"]
[White "Salim, Riza"]
[Black "David, Bogdan Emanuel"]
[Result "1-0"]
[WhiteElo "1957"]
[BlackElo "1761"]
[PlyCount "119"]
[EventDate "2014.04.26"]
[EventType "swiss"]
[EventRounds "11"]
[EventCountry "ROU"]
[SourceTitle "CBM 160 Extra"]
[Source "ChessBase"]
[SourceDate "2014.07.01"]
[SourceVersion "1"]
[SourceVersionDate "2014.07.01"]
[SourceQuality "1"]

1. e4 d6 2. d4 Nf6 3. Nc3 g6 4. f4 Bg7 5. Nf3 c5 6. dxc5 Qa5 7. Qd4 Qxc5 8. Qxc5 dxc5 9. e5 Nfd7 10. Nd5 Kd8 11. Ng5 e6 12. Nxf7+ Ke8 13. Nd6+ Kd8 14. Nc3 Rf8 15. g3 Nc6 16. Be3 Bh6 17. Bg2 Ncxe5 18. Bxb7 Bxb7 19. Nxb7+ Ke7 20. Nxc5 Nc4 21. Nxd7 Nxe3 22. Nxf8 Nxc2+ 23. Ke2 Nxa1 24. Nxg6+ hxg6 25. Rxa1 Rb8 26. b3 Bg7 27. Rc1 Rh8 28. h4 Rd8 29. Ne4 Rd7 30. Rc6 Bf6 31. Nc5 Rd5 32. Rxe6+ Kf7 33. Rc6 Be7 34. Ne4 a5 35. Kf3 Rd3+ 36. Kg4 Rd5 37. Ng5+ Kg7 38. Rc7 Kf6 39. Rc6+ Kg7 40. Nf3 Bd6 41. Ra6 Kf7 42. Ra7+ Kf6 43. Rh7 Bf8 44. Ne5 Bg7 45. h5 gxh5+ 46. Rxh5 Rd2 47. Nc4 Rxa2 48. Rxa5 Rc2 49. Ra6+ Ke7 50. Ne5 Re2 51. Ra7+ Kf8 52. Ng6+ Kg8 53. b4 Re6 54. Ne7+ Kf8 55. Nf5 Bc3 56. Rb7 Be1 57. b5 Kg8 58. Re7 Rxe7 59. Nxe7+ Kf7 60. Nc6 1-0

[Event "EU-ch U12"]
[Site "Albena"]
[Date "2011.09.13"]
[Round "3"]
[White "Salim, Riza"]
[Black "Golubov, Saveliy"]
[Result "0-1"]
[WhiteElo "1925"]
[BlackElo "2046"]
[PlyCount "70"]
[EventDate "2011.09.11"]
[EventType "swiss"]
[EventRounds "9"]
[EventCountry "BUL"]
[SourceTitle "CBM 144 Extra"]
[Source "ChessBase"]
[SourceDate "2011.10.28"]
[SourceVersion "1"]
[SourceVersionDate "2011.10.28"]
[SourceQuality "1"]

1. e4 c5 2. Nf3 d6 3. d4 Nf6 4. Nc3 cxd4 5. Nxd4 a6 6. Be3 e6 7. f3 Be7 8. Qd2 0-0 9. 0-0-0 b5 10. g4 Bb7 11. g5 Nfd7 12. h4 b4 13. Na4 Nc6 14. b3 Nxd4 15. Bxd4 Bc6 16. Nb2 a5 17. Rg1 a4 18. Nxa4 e5 19. Be3 Qc7 20. h5 Bxa4 21. bxa4 Rxa4 22. g6 Qc3 23. Qxc3 bxc3 24. gxh7+ Kxh7 25. Rd3 Ra3 26. Bh3 Nc5 27. Bf5+ Kh8 28. Bxc5 dxc5 29. Rg2 c4 30. Rd5 Rxa2 31. Kd1 Bd8 32. Ke1 Bb6 33. Rxe5 Ra1+ 34. Ke2 Rc1 35. f4 Rxc2+ 0-1

[Event "ROM-ch U12"]
[Site "Voineasa"]
[Date "2010.04.11"]
[Round "6"]
[White "Salim, Riza"]
[Black "Toma, Radu Cristian"]
[Result "0-1"]
[WhiteElo "1854"]
[BlackElo "2047"]
[PlyCount "74"]
[EventDate "2010.04.08"]
[EventType "swiss"]
[EventRounds "9"]
[EventCountry "ROU"]
[SourceTitle "EXT 2020"]
[Source "ChessBase"]
[SourceDate "2019.10.17"]
[SourceVersion "1"]
[SourceVersionDate "2019.10.17"]
[SourceQuality "1"]

1. e4 e5 2. Nf3 Nc6 3. Bc4 Nf6 4. d3 h6 5. c3 d6 6. Bb3 g6 7. 0-0 Bg7 8. Re1 0-0 9. h3 Qe7 10. d4 Nh7 11. Be3 Rd8 12. Nbd2 Kh8 13. dxe5 Nxe5 14. Nxe5 dxe5 15. Qe2 a5 16. Red1 b6 17. Nf1 Bb7 18. f3 f5 19. Bc2 fxe4 20. Bxe4 Bxe4 21. fxe4 Nf6 22. Ng3 Qe6 23. b3 Qc6 24. Qc2 Kh7 25. Kh2 a4 26. c4 axb3 27. axb3 Rxa1 28. Rxa1 Qd6 29. Rc1 Qd3 30. Bg1 h5 31. Qxd3 Rxd3 32. b4 Bh6 33. Ra1 Bf4 34. Ra7 Bxg3+ 35. Kh1 Nxe4 36. Rxc7+ Kh6 37. Rf7 Rd1 0-1

[Event "Wch U10"]
[Site "Kemer"]
[Date "2009.11.18"]
[Round "7"]
[White "Salim, Riza"]
[Black "Chiang, Jonathan"]
[Result "0-1"]
[WhiteElo "1895"]
[BlackElo "1640"]
[PlyCount "40"]
[EventDate "2009.11.12"]
[EventType "swiss"]
[EventRounds "11"]
[EventCountry "TUR"]
[SourceTitle "EXT 2010"]
[Source "ChessBase"]
[SourceDate "2010.11.25"]
[SourceVersion "1"]
[SourceVersionDate "2010.11.25"]
[SourceQuality "1"]

1. e4 c5 2. Nf3 d6 3. d4 cxd4 4. Nxd4 Nf6 5. Nc3 a6 6. Be2 e6 7. Be3 Be7 8. a4 Qc7 9. 0-0 b6 10. f4 Bb7 11. Bd3 Nbd7 12. Kh1 0-0 13. Qf3 Nc5 14. Nb3 Rad8 15. a5 b5 16. Nxc5 dxc5 17. Qh3 e5 18. fxe5 Qxe5 19. Bf4 Qd4 20. e5 Ne4 0-1

[Event "Wch U10"]
[Site "Kemer"]
[Date "2009.11.15"]
[Round "4"]
[White "Ozen, Bahadir"]
[Black "Salim, Riza"]
[Result "0-1"]
[WhiteElo "1548"]
[BlackElo "1895"]
[PlyCount "70"]
[EventDate "2009.11.12"]
[EventType "swiss"]
[EventRounds "11"]
[EventCountry "TUR"]
[SourceTitle "EXT 2010"]
[Source "ChessBase"]
[SourceDate "2010.11.25"]
[SourceVersion "1"]
[SourceVersionDate "2010.11.25"]
[SourceQuality "1"]

1. e4 c5 2. Nf3 Nc6 3. d4 cxd4 4. Nxd4 g6 5. Nc3 Bg7 6. Be3 Nf6 7. Be2 0-0 8. 0-0 d5 9. exd5 Nxd5 10. Nxd5 Nxd4 11. Bxd4 Qxd5 12. Bxg7 Qxd1 13. Raxd1 Kxg7 14. Bf3 Bf5 15. Rfe1 Kf6 16. Rd2 Rac8 17. c3 b6 18. Red1 a5 19. Rd4 Rc5 20. Rd8 Rxd8 21. Rxd8 Rb5 22. Rd2 Be6 23. a3 Bc4 24. Be2 Bxe2 25. Rxe2 Re5 26. Kf1 a4 27. Ke1 b5 28. Kd2 Rxe2+ 29. Kxe2 Ke5 30. Ke3 Kd5 31. f4 e5 32. fxe5 Kxe5 33. h4 h5 34. g3 f6 35. Kd3 Kd5 0-1